| 000 | | | 04082nac2a22002893x 450 |
| 001 | | | 86e45f33-0a3c-4d58-8e72-c6a21acf0b07 |
| 005 | | | 20210715031715.0 |
| 100 | ## | $a | 20210610l1931 k y0rusy50 ca |
| 101 | 0# | $a | rus |
| 102 | ## | $a | RU |
| 105 | ## | $a | y z ||||| |
| 122 | 0# | $a | d19311231 |
| 200 | 1# | $a | Приветствия VI Съезду Советов Союза ССР |
| | $j | 1931 |
| 215 | ## | $a | 101 лист |
| 251 | ## | $c | Дело |
| 300 | ## | $a | Заголовок дела на папке: Приветствия 6 Съезду Советов Союза ССР |
| 300 | ## | $a | В деле имеются телеграммы |
| 300 | ## | $a | Машинописный текст |
| 330 | ## | $a | Входит в раздел описи: VI-й Съезд Советов |
| 461 | #0 | $1 | 001796d4672-8a00-4986-b488-6e42273792cc |
| | $1 | 2001 |
| | $a | ЦЕНТРАЛЬНЫЙ ИСПОЛНИТЕЛЬНЫЙ КОМИТЕТ СССР (ЦИК СССР) |
| | $1 | 251 |
| | $c | Фонд |
| | $1 | 852 |
| | $j | 3316 |
| | $g | Р |
| 462 | #0 | $1 | 001ffc5d47f-75c7-4b00-a108-34d4b382154c |
| | $1 | 2001 |
| | $a | Дела VI-го Съезда Советов и 1-й, 2-й, 3-й, 4-й Сессий ЦИК СССР 6-го созыва. 1931-1934 гг. |
| | $v | Д. 78 |
| | $1 | 251 |
| | $c | Опись |
| | $1 | 852 |
| | $j | 6 |
| 517 | 1# | $a | Приветствия 6 Съезду Советов Союза ССР |
| 601 | 01 | $3 | RU\NLR\AUTH\880357276 |
| | $a | СССР |
| | $b | ЦИК |
| 601 | 01 | $3 | RU\NLR\AUTH\8810218417 |
| | $a | СССР |
| | $b | Съезд Советов |
| | $d | 6 |
| 801 | #0 | $a | RU |
| | $b | GA_RF |
| 801 | #1 | $a | RU |
| | $b | ГлавНИВЦ |
| | $c | 20210610 |
| | $2 | rusmarc |
| 801 | #2 | $a | RU |
| | $b | ПБ им. Б.Н. Ельцина |
| | $c | 20210715 |
| | $g | RCR |
| | $2 | rusmarc |
| 852 | ## | $a | ГА РФ |
| | $j | 78 |
| 937 | ## | $d | 166158801 |
| | $h | ГАРФ |
| 035 | ## | $a | RuPRLIB51060369 |
| 856 | ## | $u | http://readingroom.main.prlib.ru/item.aspx?id_node=n166158801&mode=full |